Zhodnotenie životnej úrovne seniorov v SR diplomová práca

Salvato in:
Dettagli Bibliografici
Autore principale: Ringerová, Katarína
Ente Autore: Národohospodárska fakulta EU. Katedra sociálneho rozvoja a práce
Altri autori: Sika, Peter, 1975-
Natura: Libro
Lingua:slovacco
Pubblicazione: Bratislava 2013
Tags: Aggiungi Tag
Nessun Tag, puoi essere il primo ad aggiungerne!!

MARC

LEADER 00000nbm a2200000 4500
001 0169320
005 20161109102255.8
041 0 |a slo 
044 |a SK 
245 1 0 |a Zhodnotenie životnej úrovne seniorov v SR  |b diplomová práca  |c Katarína Ringerová ; školiteľ: Peter Sika 
264 1 |a Bratislava  |c 2013 
300 |a 72 s. 
100 1 |a Ringerová, Katarína 
700 1 |a Sika, Peter, 1975- 
710 2 |a Národohospodárska fakulta EU. Katedra sociálneho rozvoja a práce